[Event "Hradec Kralove Open 2023 - A FIDE Open"]
[Site "Cernigov hotel, Hradec Kralove"]
[Date "2023.11.10"]
[Round "8"]
[Board "9"]
[White "Syzdyk, Samir"]
[Black "Dusbaba, Karel"]
[Result "1-0"]
[WhiteElo "1639"]
[BlackElo "1993"]
[PlyCount "63"]
[EventDate "2023.11.04"]
[EventRounds "9"]
[EventCountry "CZE"]

1. e4 e6 2. d4 b6 3. Bd3 Bb7 4. c3 f5 5. Nd2 fxe4 6. Nxe4 Nf6 7. Bg5 Be7 8. Bxf6
Bxf6 9. Nf3 O-O 10. Qe2 a5 11. h4 Nc6 12. O-O-O Ne7 13. Nfg5 g6 14. f4 Nf5 15. g4
Nd6 16. Rdf1 Bxg5 17. fxg5 Nxe4 18. Bxe4 Bxe4 19. Qxe4 c6 20. Qe5 Qb8 21. Rf6 Rxf6
22. gxf6 Qxe5 23. dxe5 a4 24. Rd1 Ra7 25. b4 axb3 26. axb3 Ra5 27. Rxd7 Rxe5 28.
Rg7+ Kh8 29. Rc7 h6 30. Rxc6 b5 31. Rc8+ Kh7 32. f7  1-0

[Event "Hradec Kralove Open 2023 - A FIDE Open"]
[Site "Cernigov hotel, Hradec Kralove"]
[Date "2023.11.10"]
[Round "8"]
[Board "10"]
[White "Jiruse, Josef"]
[Black "Mydlar, Matej"]
[Result "1-0"]
[WhiteElo "1941"]
[BlackElo "1809"]
[PlyCount "53"]
[EventDate "2023.11.04"]
[EventRounds "9"]
[EventCountry "CZE"]

1. Nf3 c5 2. g3 g6 3. Bg2 Bg7 4. O-O Nc6 5. d3 e6 6. e4 d5 7. Nbd2 Nge7 8. Re1 O-O
9. Nf1 b6 10. c3 Bb7 11. e5 Qd7 12. d4 f6 13. exf6 Bxf6 14. Bh6 Rfe8 15. Bf4 Nf5
16. Ne5 Nxe5 17. Bxe5 Bxe5 18. Rxe5 Nd6 19. Qg4 Qf7 20. Rae1 Nf5 21. Ne3 Kg7 22.
Qe2 cxd4 23. Nxf5+ gxf5 24. cxd4 Kf6 25. Bf3 Qg8 26. Bh5 Re7 27. Rxf5+  1-0

[Event "Hradec Kralove Open 2023 - A FIDE Open"]
[Site "Cernigov hotel, Hradec Kralove"]
[Date "2023.11.10"]
[Round "8"]
[Board "13"]
[White "Kutek, Jiri"]
[Black "Boruvka, Milan"]
[Result "1-0"]
[WhiteElo "1605"]
[BlackElo "1885"]
[PlyCount "89"]
[EventDate "2023.11.04"]
[EventRounds "9"]
[EventCountry "CZE"]

1. d4 d5 2. c4 e6 3. Nc3 Nf6 4. Bg5 Nbd7 5. cxd5 exd5 6. a3 c6 7. Nf3 Be7 8. e3 O-O
9. Bd3 h6 10. Bh4 Re8 11. O-O Nf8 12. Ne5 Ne6 13. b4 Qc7 14. Qf3 Rf8 15. Rac1 a6
16. Bxf6 Bxf6 17. Nxd5 Qd8 18. Nxf6+ Qxf6 19. Qxf6 gxf6 20. Nc4 Nc7 21. f4 Re8 22.
Rf3 Be6 23. Nd6 Reb8 24. Rcf1 Nb5 25. Ne4 Nxa3 26. Nxf6+ Kg7 27. f5 Bc4 28. Bxc4
Nxc4 29. Nd7 Re8 30. Rg3+ Kh8 31. Rff3 Nd2 32. Rf4 Ne4 33. Rh3 Kg7 34. f6+ Kg6 35.
Ne5+ Rxe5 36. dxe5 Ng5 37. Rg3 Kh7 38. Rfg4 Rd8 39. h4 Ne6 40. Rg7+ Nxg7 41. Rxg7+
Kh8 42. Rxf7 Kg8 43. e6 b6 44. Rg7+ Kh8 45. e7  1-0

[Event "Hradec Kralove Open 2023 - A FIDE Open"]
[Site "Cernigov hotel, Hradec Kralove"]
[Date "2023.11.10"]
[Round "8"]
[Board "25"]
[White "Krasa, Marek"]
[Black "Stross, Frantisek"]
[Result "1/2-1/2"]
[WhiteElo "1595"]
[BlackElo "1457"]
[PlyCount "25"]
[EventDate "2023.11.04"]
[EventRounds "9"]
[EventCountry "CZE"]

1. c4 Nf6 2. Nc3 Nc6 3. d4 d5 4. e3 Bf5 5. Qb3 Na5 6. Qa4+ c6 7. c5 b5 8. cxb6 axb6
9. b4 Nc4 10. Qxc6+ Bd7 11. Qb7 Rb8 12. Qa6 Ra8 13. Qb7  1/2-1/2

[Event "Hradec Kralove Open 2023 - A FIDE Open"]
[Site "Cernigov hotel, Hradec Kralove"]
[Date "2023.11.11"]
[Round "9"]
[Board "2"]
[White "Cupid, Kevin"]
[Black "Jirasek, Pavel"]
[Result "1/2-1/2"]
[WhiteElo "2186"]
[BlackElo "2322"]
[PlyCount "24"]
[EventDate "2023.11.04"]
[EventRounds "9"]
[EventCountry "CZE"]

1. d4 Nf6 2. c4 e6 3. Nf3 Bb4+ 4. Nbd2 d5 5. Qa4+ Nc6 6. a3 Bxd2+ 7. Bxd2 O-O 8.
Bg5 h6 9. Bxf6 Qxf6 10. e3 Bd7 11. cxd5 exd5 12. Qb3 Qd6  1/2-1/2

[Event "Hradec Kralove Open 2023 - A FIDE Open"]
[Site "Cernigov hotel, Hradec Kralove"]
[Date "2023.11.11"]
[Round "9"]
[Board "3"]
[White "Johnson, Joshua"]
[Black "Syzdyk, Samir"]
[Result "1-0"]
[WhiteElo "2337"]
[BlackElo "1639"]
[PlyCount "139"]
[EventDate "2023.11.04"]
[EventRounds "9"]
[EventCountry "CZE"]

1. e4 c5 2. Nf3 d6 3. Bb5+ Nd7 4. d4 cxd4 5. Qxd4 a6 6. Bxd7+ Bxd7 7. O-O e5 8. Qd3
h6 9. c4 b5 10. Na3 Rb8 11. Bd2 Nf6 12. cxb5 axb5 13. Bb4 Be7 14. Rad1 Bc6 15. Rfe1
Qb6 16. Nb1 Rd8 17. Qc2 Qb7 18. Nc3 O-O 19. Qe2 Rfe8 20. a3 Bf8 21. Nh4 d5 22. Bxf8
Kxf8 23. exd5 Nxd5 24. Nxd5 Rxd5 25. Rxd5 Bxd5 26. Nf5 Re6 27. Qg4 f6 28. Rd1 Bc6
29. Nxh6 Re7 30. Nf5 Rd7 31. Rc1 Bd5 32. Qb4+ Kg8 33. Qg4 Bc4 34. h4 Rd2 35. b3 Be2
36. f3 Rd1+ 37. Rxd1 Bxd1 38. h5 Bxb3 39. h6 Be6 40. Qxg7+ Qxg7 41. Nxg7 Bf7 42.
Nf5 Be6 43. Nd6 Kh7 44. Nxb5 Bb3 45. Nc3 Kxh6 46. Ne4 f5 47. Nc5 Bd5 48. Kf2 Kg5
49. a4 e4 50. fxe4 fxe4 51. Ke3 Kf5 52. a5 Bc6 53. Nb3 Kg4 54. Nd4 Bd5 55. a6 Kg3
56. Ne2+ Kg4 57. a7 Kf5 58. Kd4 Ba8 59. Ke3 Bb7 60. Nc3 Bc6 61. g3 Bb7 62. Kd4 Ba8
63. Nd5 Kg4 64. Kxe4 Kxg3 65. Ke5 Kf3 66. Kd6 Kg4 67. Nb6 Bb7 68. Kc7 Bg2 69. Nc4
Kf5 70. Ne3+  1-0

[Event "Hradec Kralove Open 2023 - A FIDE Open"]
[Site "Cernigov hotel, Hradec Kralove"]
[Date "2023.11.11"]
[Round "9"]
[Board "4"]
[White "Wenke, Oldrich"]
[Black "Ochedzan, Filip"]
[Result "0-1"]
[WhiteElo "1984"]
[BlackElo "1873"]
[PlyCount "98"]
[EventDate "2023.11.04"]
[EventRounds "9"]
[EventCountry "CZE"]

1. b3 e5 2. Bb2 Nc6 3. e3 Nf6 4. Bb5 e4 5. Ne2 a6 6. Bxc6 dxc6 7. Nbc3 h5 8. Ng3
Qe7 9. h3 h4 10. Nf1 Bf5 11. Qe2 O-O-O 12. O-O-O Qd7 13. Qc4 Nd5 14. Qd4 Qe6 15.
Nxd5 cxd5 16. Nh2 c5 17. Qe5 Qxe5 18. Bxe5 f6 19. Bb2 Bd6 20. f4 Rhe8 21. Ng4 Bc7
22. Rdg1 d4 23. Nf2 Rd7 24. Rd1 Ba5 25. Rhe1 dxe3 26. Rxe3 Bc7 27. Rc3 b6 28. b4
cxb4 29. Rc4 Kb7 30. Rxb4 Bxf4 31. Bd4 Re6 32. Be3 Bxe3 33. dxe3 Rxd1+ 34. Kxd1 Kc6
35. Kd2 Bh7 36. Kc3 b5 37. a3 g5 38. Rd4 f5 39. Rd8 Bg6 40. Ra8 Kd5 41. Rd8+ Ke5
42. Rc8 Rd6 43. Rc5+ Kf6 44. Rc7 Bh5 45. Rh7 Be2 46. Nh1 Rd1 47. g3 Rxh1 48. gxh4
g4 49. hxg4 fxg4  0-1

[Event "Hradec Kralove Open 2023 - A FIDE Open"]
[Site "Cernigov hotel, Hradec Kralove"]
[Date "2023.11.11"]
[Round "9"]
[Board "5"]
[White "Sailaubay, Aldiyar"]
[Black "Jiruse, Josef"]
[Result "1/2-1/2"]
[WhiteElo "1660"]
[BlackElo "1941"]
[PlyCount "29"]
[EventDate "2023.11.04"]
[EventRounds "9"]
[EventCountry "CZE"]

1. e4 c6 2. d4 g6 3. f4 d5 4. e5 h5 5. Nf3 Nh6 6. Bd3 Bf5 7. Be2 e6 8. Nbd2 c5 9.
c3 Nc6 10. a3 Be7 11. b4 cxd4 12. cxd4 Rc8 13. O-O O-O 14. Bb2 Qb6 15. Rc1  1/2-1/2

[Event "Hradec Kralove Open 2023 - A FIDE Open"]
[Site "Cernigov hotel, Hradec Kralove"]
[Date "2023.11.11"]
[Round "9"]
[Board "7"]
[White "Berka, Lubos"]
[Black "Flasar, Jaroslav"]
[Result "0-1"]
[WhiteElo "1684"]
[BlackElo "2048"]
[PlyCount "70"]
[EventDate "2023.11.04"]
[EventRounds "9"]
[EventCountry "CZE"]

1. e4 d6 2. d4 g6 3. c4 Bg7 4. Nc3 Nd7 5. Nf3 e6 6. Be2 Ne7 7. Bf4 h6 8. Qc2 g5 9.
Be3 Ng6 10. O-O-O b6 11. g3 Bb7 12. h4 gxh4 13. Nxh4 Qe7 14. Qd2 h5 15. Rh2 O-O-O
16. d5 Bf6 17. Nb5 Kb8 18. Nd4 Nc5 19. f3 a5 20. b4 axb4 21. Qxb4 Qe8 22. Nb5 Nxh4
23. gxh4 exd5 24. Bd4 Bxd4 25. Rxd4 dxe4 26. Qa3 Qe5 27. Rg2 c6 28. Qa7+ Kc8 29.
Rg5 Qf4+ 30. Kb1 cxb5 31. Qxb6 f5 32. Rg6 Qe5 33. Rgxd6 Rxd6 34. Rxd6 e3 35. Kc2
Na4  0-1

[Event "Hradec Kralove Open 2023 - A FIDE Open"]
[Site "Cernigov hotel, Hradec Kralove"]
[Date "2023.11.11"]
[Round "9"]
[Board "8"]
[White "Heinsohn, Michael"]
[Black "Batukhtin, Viktor"]
[Result "1/2-1/2"]
[WhiteElo "1922"]
[BlackElo "1706"]
[PlyCount "75"]
[EventDate "2023.11.04"]
[EventRounds "9"]
[EventCountry "CZE"]

1. d4 d5 2. c4 e6 3. Nf3 Nf6 4. g3 c6 5. Nbd2 Bd6 6. Bg2 Nbd7 7. O-O O-O 8. Qc2 e5
9. dxe5 Nxe5 10. b3 dxc4 11. Nxc4 Nxc4 12. Qxc4 Qe7 13. Bb2 Re8 14. e3 Be6 15. Qc2
Bd5 16. Rfd1 Bxf3 17. Bxf3 Be5 18. Rd2 Bxb2 19. Qxb2 Rad8 20. Rad1 Rxd2 21. Qxd2
Qe5 22. Qb4 Qc7 23. Qd4 Qb6 24. b4 Qxd4 25. Rxd4 a6 26. Kf1 Kf8 27. g4 h6 28. Ke2
Ke7 29. h4 g5 30. hxg5 hxg5 31. Kd3 Rd8 32. Rxd8 Kxd8 33. Kd4 Ke7 34. Be2 Nd7 35.
Bd3 Kd6 36. f4 f6 37. a3 b5 38. Bc2  1/2-1/2

[Event "Hradec Kralove Open 2023 - A FIDE Open"]
[Site "Cernigov hotel, Hradec Kralove"]
[Date "2023.11.11"]
[Round "9"]
[Board "9"]
[White "Kohout, Jan"]
[Black "Kutek, Jiri"]
[Result "1-0"]
[WhiteElo "1863"]
[BlackElo "1605"]
[PlyCount "55"]
[EventDate "2023.11.04"]
[EventRounds "9"]
[EventCountry "CZE"]

1. d4 d5 2. Nf3 Bf5 3. g3 e6 4. Bg2 c5 5. c3 Nc6 6. O-O Nf6 7. Nh4 Bg6 8. Nxg6 hxg6
9. e3 c4 10. Nd2 b5 11. e4 dxe4 12. Nxe4 Nd5 13. Re1 Be7 14. Qg4 Rc8 15. Qe2 Bd6
16. Ng5 Nde7 17. Nxf7 Kxf7 18. Qxe6+ Kf8 19. Bg5 Qc7 20. Re3 Nd8 21. Bxe7+ Bxe7 22.
Qxg6 Rh6 23. Qf5+ Rf6 24. Qh5 Nf7 25. Rae1 Bd6 26. Bd5 Rd8 27. Bxf7 Qxf7 28. Qh8+
 1-0

[Event "Hradec Kralove Open 2023 - A FIDE Open"]
[Site "Cernigov hotel, Hradec Kralove"]
[Date "2023.11.11"]
[Round "9"]
[Board "10"]
[White "Gromczak, Dariusz"]
[Black "Schoeppe, Christian"]
[Result "1-0"]
[WhiteElo "1856"]
[BlackElo "1435"]
[PlyCount "65"]
[EventDate "2023.11.04"]
[EventRounds "9"]
[EventCountry "CZE"]

1. e4 e5 2. Nf3 Bd6 3. d4 Qe7 4. Bc4 c6 5. O-O Nf6 6. Bg5 h6 7. Bh4 O-O 8. Nc3 b5
9. Bd3 b4 10. Ne2 Bc7 11. Qd2 a5 12. dxe5 Bxe5 13. Nxe5 Qxe5 14. a3 c5 15. f4 Qe6
16. f5 Qe5 17. Bg3 Qe8 18. e5 Nh5 19. f6 Nxg3 20. Nxg3 Qxe5 21. fxg7 Re8 22. Nf5
Re6 23. Nxh6+ Rxh6 24. Qxh6 Qxg7 25. Qxg7+ Kxg7 26. axb4 cxb4 27. Bc4 f6 28. b3 Bb7
29. Rad1 Bc6 30. Rd6 a4 31. bxa4 Rxa4 32. Rfxf6 Be4 33. Rf7+  1-0